000 01140cam a2200313 i 4500
001 26546
003 Mx-PuUPA
005 20251014122200.0
008 140415s2022 pl a gr 001 0 spa d
020 _a9788396252579
040 _cMx-PuUPA
_aMx-PuUPA
_bspa
_dMx-PuUPA
_erda
041 0 _aspa
_hund
043 _ae-pl---
100 1 _aGiełżyński, Wojciech,
_d1930-
_eautor
_917582
245 1 0 _aPolonia :
_bdel Báltico a los Tratas /
_cWojciech Giełżyński, texto ; Chrisitan Parma, fotografías ; Pablo Monserrat Bara, traductor
264 1 _aMarki, Polonia :
_bWydawnictowo Parma Press,
_c©2022
300 _a190 páginas :
_bilustraciones, fotografías ;
_c25 cm
336 _2rdacontent
_atexto
_btxt
337 _2rdamedia
_asin medio
_bn
338 _2rdacarrier
_avolumen
_bnc
651 4 _aPolonia
_y2001
651 4 _aPolonia
_vGuía de viajes
700 _aParma, Christian,
_efotógrafo
700 _aMonserrat Bara, Pablo,
_etraductor
942 _2ddc
_cLI
_h914.3804
_iG4518
999 _c26546
_d26546